Bonifacius : an essay upon the good /

Bibliographic Details
Main Author: Mather, Cotton, 1663-1728
Other Authors: Levin, David, 1924-1998
Format: Book
Language:English
Published: Cambridge : Belknap Press of Harvard University Press, 1966.
Series:John Harvard library.
Subjects:

MARC

Tag First Indicator Second Indicator Subfields
LEADER 00000cam a2200000 4500
001 in00000059844
005 20211030063135.0
008 750122s1966 eng u
010 |a  66014448  
035 |a (OCoLC)01148294 
035 |9 AAG5073AM 
040 |c HCD  |d TXA  |d UtOrBLW 
049 |a TXAM  |c [464158] 
050 0 |a BV4500  |b .M35 1966 
092 |a 248.4  |b M427b 
100 1 |a Mather, Cotton,  |d 1663-1728. 
245 1 0 |a Bonifacius :  |b an essay upon the good /  |c Edited with an introduction by David Levin. 
264 1 |a Cambridge :  |b Belknap Press of Harvard University Press,  |c 1966. 
300 |a xxxii, 181 pages :  |b facsimiles ;  |c 22cm. 
336 |a text  |b txt  |2 rdacontent 
337 |a unmediated  |b n  |2 rdamedia 
338 |a volume  |b nc  |2 rdacarrier 
490 1 |a The John Harvard library 
500 |a "Follows the original text of 1710, which included the Appendix on Indian Christianity and the Advertisement for Biblia Americana." 
504 |a Bibliographical references included in "Notes" (pages 165-181). 
536 |a From the Library of Harrison T. Meserole 2002. 
650 0 |a Christian life. 
700 1 |a Levin, David,  |d 1924-1998. 
830 0 |a John Harvard library. 
999 |a MARS 
999 f f |s 82b82cfe-0093-38c9-ae7e-551ca7b9b651  |i b37d0aa4-e061-34f6-9261-8726f6d2eac6  |t 0 
952 f f |p ric  |a Texas A&M University  |b Rellis Campus  |c Joint Library Facility  |s JLF  |d Remote Storage  |t 0  |e BV4500 .M35 1966  |h Library of Congress classification  |i unmediated -- volume  |m A14829847816 
998 f f |a BV4500 .M35 1966  |t 0  |l Remote Storage